Guide to structured products / (Registro nro. 12099)

Detalles MARC
000 -LEADER
fixed length control field 00769nam a2200205Ia 4500
003 - CONTROL NUMBER IDENTIFIER
control field OSt
005 - DATE AND TIME OF LATEST TRANSACTION
control field 20210809142054.0
008 - FIXED-LENGTH DATA ELEMENTS--GENERAL INFORMATION
fixed length control field 210310s2008 enkad gr 000 0 spa d
040 ## - CATALOGING SOURCE
Original cataloging agency CO-JMCR
Transcribing agency CO-JMCR
041 0# - LANGUAGE CODE
Language code of text/sound track or separate title spa
082 04 - DEWEY DECIMAL CLASSIFICATION NUMBER
Classification number 332.15 /
Item number B661g
Edition number 23
110 2# - MAIN ENTRY--CORPORATE NAME
Corporate name or jurisdiction name as entry element BNP Paribas
9 (RLIN) 39189
245 10 - TITLE STATEMENT
Title Guide to structured products /
Statement of responsibility, etc. BNP Paribas Corporate y investment banking
260 ## - PUBLICATION, DISTRIBUTION, ETC.
Place of publication, distribution, etc. London :
Name of publisher, distributor, etc. BNP paribas,
Date of publication, distribution, etc. 2006.
300 ## - PHYSICAL DESCRIPTION
Extent 83 páginas :
Other physical details color illustrations and graphics ;
Dimensions 21 cm.
505 ## - FORMATTED CONTENTS NOTE
Formatted contents note Growth products. -- Icome products. -- Market neutral products. -- Commodity-linked products. -- Hybrid products. -- Systematic strategies.
650 14 - SUBJECT ADDED ENTRY--TOPICAL TERM
Topical term or geographic name entry element Guide to structured products
9 (RLIN) 39190
650 24 - SUBJECT ADDED ENTRY--TOPICAL TERM
Topical term or geographic name entry element Product structuring
9 (RLIN) 39192
942 ## - ADDED ENTRY ELEMENTS (KOHA)
Source of classification or shelving scheme Dewey Decimal Classification
Koha item type Books
Existencias
Withdrawn status Lost status Source of classification or shelving scheme Damaged status Not for loan Home library Current library Shelving location Date acquired Source of acquisition Full call number Barcode Date last seen Copy number Price effective from Koha item type
    Dewey Decimal Classification     Biblioteca Pública José María del Castillo y Rada Biblioteca Pública José María del Castillo y Rada General Stacks 04/15/2018 Donación 332.15 / B661g 430002450 05/16/2024 Ej.1 03/10/2021 Books